000 00959nam a2200277 c 4500
003 BLK
005 20180420231553.0
008 180409b bul|||||r ||||||| ||bul||
010 _aKNG00127345000
040 _aBLK
041 _aBUL
_cBUL
080 _aБългарска литература
_b821.163.2
_x-31
_z821.163.2-31
100 1 _aАтанасов, Герчо Вичев
_eпърви автор
_9259608
139 _aАтанасов, Герчо Вичев
_bА 93
245 1 0 _aИ никога не е късно
_bРоман
_cГерчо Вичев Атанасов.
257 _aBGR
260 София
_bНар. младеж
_c1990
300 _a152 с.
_c20 см
380 _aX
500 _a5 000 тир.
852 _aЦб 164765
856 4 _qpdf
_u
856 4 _qpdf
_u
942 _cKNG
_n0
944 _aCR
_c14.02.2012
_l14.02.2012 - от С1,Р / 14.02.2012
_kЕлица_Владова
944 _aED
_c14.02.2012
_l14.02.2012 - от С1,Р / 14.02.2012
_k
999 _c121713
_d121713